| 000 | 01216nam0a22002651 4500 | ||
|---|---|---|---|
| 001 | rc\4681027 | ||
| 005 | 20130416205358.1 | ||
| 021 |
_aRU _b[61-27872] |
||
| 035 | _a(NLR Aleph) 008707911 | ||
| 090 |
_a9339762 _c9339762 |
||
| 100 | _a20130416d1961 |||y0rusy50 ca | ||
| 101 | 0 | _arus | |
| 102 | _aRU | ||
| 105 | _aa z ||||| | ||
| 200 | 1 |
_aРасчет струйных насосов к установкам для нефтяных скважин _fГос. ком. Совета Министров СССР по автоматизации и машиностроению. Особое конструкторское бюро по конструированию, исследованию и внедрению бесштанговых насосов. ЦБТИ |
|
| 210 |
_aМосква _cБ. и. _d1961 |
||
| 215 |
_a66 с. _cчерт. _d20 |
||
| 606 |
_aСтруйные аппараты _2psbo |
||
| 606 |
_aНасосные скважины _xПесчаные пробки _xПромывка и чистка _2psbo |
||
| 700 | 1 |
_aПомазкова _bЗ. С. _gЗинаида Серафимовна |
|
| 801 | 0 |
_aRU _bNLR _gpsbo |
|
| 801 | 1 |
_aRU _bELAR _2rusmarc |
|
| 852 |
_aNLR _j61-4/6494 |
||
| 942 | _cBOOK | ||
| 980 | _aNB | ||